000 01165nam a2200289Ia 4500
003 OSt
005 20221005110042.0
006 a|||||r|||| 00| 0
007 ta
008 221004b |||||||| |||| 00| 0 hin d
020 _a8126014091 (pbk)
_c300
024 _a92228
037 _b535, 19/03/2009, Vani Prakashan
_cTextual
040 _aCRL
_cCRL
_bhin
041 _2hin
_ahin
082 _aO158,6N38w, 152P2
100 _aशेठ, चंद्रकान्त
245 0 _aधूल पर पदचिÐ
246 _aDhūl par padachiÐ
260 _aनई दिल्ली
_bसाहित्य अकादेमी भारत
_c2002
300 _a126पृ0
_ccm.
490 _aसाहित्य अकादेमी द्वारा पुरस्कृत गुजराती संस्मरण
650 _aअसमी कहानी
700 _a गुप्त, आलोक, अनु.
942 _hO158,6N38w, 152P2
_cTEXL
_2cc
999 _c1017632
_d1017632